[Event "5. HSK Weihnachts-Open 2019"]
[Site "Hamburg"]
[Date "2019.12.27"]
[Round "2.33"]
[White "Krüger, Dietrich"]
[Black "Kaußmann, Jean-David"]
[Result "1-0"]
[WhiteElo "1204"]
[BlackElo "1593"]
[PlyCount "65"]
[EventDate "2019.12.27"]

1. d4 d5 2. Bf4 e6 3. e3 Nf6 4. Bd3 c5 5. Ne2 c4 6. Bxc4 dxc4 7. c3 Qd5 8. O-O
Bd7 9. Nd2 Bd6 10. Bg3 Bxg3 11. Nxg3 O-O 12. Qe2 b5 13. e4 Qb7 14. f4 Nc6 15.
Nf3 h6 16. Ne5 Nxe5 17. fxe5 Nh7 18. h4 Bc6 19. Qg4 g6 20. Rf4 Qe7 21. Nh5 g5
22. Nf6+ Kh8 23. Nxh7 Kxh7 24. Rf6 Rg8 25. Raf1 Raf8 26. Qh5 Rg6 27. hxg5 Bxe4
28. Rxg6 fxg6 29. Qxh6+ Kg8 30. Rf6 Rxf6 31. gxf6 Qh7 32. Qf4 Kf7 33. Qxe4 1-0

[Event "5. HSK Weihnachts-Open 2019"]
[Site "Hamburg"]
[Date "2019.12.28"]
[Round "3.1"]
[White "Ritscher, Jan-Paul"]
[Black "Feuerstack, Aljoscha"]
[Result "1/2-1/2"]
[WhiteElo "2253"]
[BlackElo "2446"]
[PlyCount "59"]
[EventDate "2019.12.27"]

1. d4 d5 2. c4 e6 3. Nf3 Nf6 4. g3 Be7 5. Bg2 O-O 6. O-O dxc4 7. Qc2 b6 8. Ne5
Qxd4 9. Bxa8 Qxe5 10. Bf4 Qh5 11. Bf3 Ng4 12. Bxg4 Qxg4 13. f3 Qh5 14. Nd2 Nc6
15. Qxc4 Qc5+ 16. Qxc5 Bxc5+ 17. Kh1 e5 18. b4 Bd4 19. Rac1 Nxb4 20. Nb3 c5 21.
Bd2 Nxa2 22. Rc2 Nb4 23. Nxd4 exd4 24. Bxb4 cxb4 25. Ra1 a5 26. Rc6 Ba6 27.
Rxb6 Bxe2 28. Kg2 Bc4 29. Rxa5 d3 30. Rxb4 1/2-1/2

[Event "5. HSK Weihnachts-Open 2019"]
[Site "Hamburg"]
[Date "2019.12.28"]
[Round "3.2"]
[White "Krause, Benedict"]
[Black "Popvasilev, Kaloyan"]
[Result "1-0"]
[WhiteElo "2423"]
[BlackElo "2133"]
[PlyCount "103"]
[EventDate "2019.12.27"]

1. e4 c5 2. Nf3 Nc6 3. d4 cxd4 4. Nxd4 Nf6 5. Nc3 d6 6. Bg5 e6 7. Qd2 a6 8.
O-O-O Bd7 9. f4 b5 10. Bxf6 gxf6 11. Kb1 Qb6 12. Nxc6 Bxc6 13. f5 h5 14. fxe6
fxe6 15. Qe1 Ra7 16. Bd3 Rg7 17. Ne2 Rg4 18. h3 Rg5 19. g4 hxg4 20. hxg4 Rxh1
21. Qxh1 Qe3 22. Rf1 Bg7 23. Nf4 Kf7 24. Qh7 Qd4 25. e5 Qxe5 26. Bg6+ Kf8 27.
Nd3 Qd4 28. c3 Qa7 29. Rxf6+ Bxf6 30. Qxa7 Rxg6 31. Qb8+ Ke7 32. Qc7+ Bd7 33.
Nb4 Rxg4 34. Nc6+ Ke8 35. Nb8 Rg1+ 36. Kc2 Rg2+ 37. Kb3 Rg7 38. Nxd7 Rxd7 39.
Qc8+ Ke7 40. Qxa6 e5 41. Qxb5 d5 42. a4 d4 43. cxd4 exd4 44. Qd3 Rd5 45. Kc4
Ra5 46. Kb4 Re5 47. a5 Re3 48. Qh7+ Ke6 49. a6 d3 50. a7 d2 51. Qc2 Be7+ 52.
Kc4 1-0

[Event "5. HSK Weihnachts-Open 2019"]
[Site "Hamburg"]
[Date "2019.12.28"]
[Round "3.3"]
[White "Schroeder, Christoph"]
[Black "Hochgräfe, Markus"]
[Result "1/2-1/2"]
[WhiteElo "2159"]
[BlackElo "2415"]
[PlyCount "79"]
[EventDate "2019.12.27"]

1. e4 c6 2. d4 d5 3. exd5 cxd5 4. Bd3 Nc6 5. c3 Nf6 6. Bf4 Bg4 7. Qb3 Qd7 8.
Nd2 e6 9. Ngf3 Bd6 10. Bxd6 Qxd6 11. O-O O-O 12. Rfe1 Qc7 13. Ne5 Bh5 14. Ndf3
Rab8 15. Re3 Rfc8 16. Rae1 b5 17. Nxc6 Qxc6 18. Ne5 Qb6 19. a3 a5 20. f3 b4 21.
axb4 axb4 22. g4 Bg6 23. Bxg6 hxg6 24. Rc1 Qa7 25. Qd1 Nd7 26. Ra1 Qb7 27. Nxd7
Qxd7 28. Qd2 Qb7 29. Re2 bxc3 30. bxc3 Qb3 31. Rc1 Rc7 32. Qd3 Qa3 33. Rec2
Rbc8 34. Kg2 g5 35. Qe3 Qe7 36. Qd3 Rc4 37. Qe3 Qf6 38. Kg3 Qd8 39. Kg2 R8c6
40. h3 1/2-1/2

[Event "5. HSK Weihnachts-Open 2019"]
[Site "Hamburg"]
[Date "2019.12.28"]
[Round "3.4"]
[White "Pfreundt, Jakob"]
[Black "Wanner, Lukas"]
[Result "1-0"]
[WhiteElo "2409"]
[BlackElo "2099"]
[PlyCount "131"]
[EventDate "2019.12.27"]

1. e4 c5 2. Nf3 g6 3. c3 d5 4. e5 Nc6 5. Bb5 Bg4 6. d4 Qb6 7. Bxc6+ bxc6 8.
dxc5 Qxc5 9. Nbd2 e6 10. O-O Nh6 11. h3 Bxf3 12. Nxf3 Nf5 13. g4 Ne7 14. Bg5 h5
15. Kg2 Bg7 16. Rc1 Qb6 17. Qd2 Rb8 18. b3 c5 19. Qf4 Ng8 20. Qa4+ Kf8 21. Qf4
Ke8 22. b4 c4 23. a4 Bh6 24. Bxh6 Rxh6 25. Nd4 Rh7 26. Nb5 a6 27. Nd4 Ne7 28.
Rfd1 Nc6 29. Nf3 Qc7 30. Rb1 Rh8 31. b5 axb5 32. axb5 Na5 33. b6 Rxb6 34. Qf6
Rf8 35. Rxb6 Qxb6 36. Rxd5 hxg4 37. hxg4 Nc6 38. Rd6 Qb7 39. Qf4 Ke7 40. Qe4
Rc8 41. Rd1 Qb5 42. Qf4 Rf8 43. Qf6+ Ke8 44. Ng5 Ne7 45. Ne4 Qc6 46. Qf3 Nd5
47. Nf6+ Ke7 48. Nxd5+ exd5 49. Qxd5 Qxd5+ 50. Rxd5 Rc8 51. Kf3 Ke6 52. Ke4 Rc7
53. f4 Rc8 54. f5+ gxf5+ 55. gxf5+ Ke7 56. Rd4 Rc5 57. Rd6 Ra5 58. Rc6 Ra1 59.
Rc7+ Ke8 60. Rxc4 Re1+ 61. Kf4 Rf1+ 62. Kg5 Re1 63. Kf6 Kd7 64. Ra4 Re3 65.
Ra7+ Ke8 66. Re7+ 1-0

[Event "5. HSK Weihnachts-Open 2019"]
[Site "Hamburg"]
[Date "2019.12.28"]
[Round "3.5"]
[White "Falke, Isaak"]
[Black "Ertan, Can"]
[Result "1/2-1/2"]
[WhiteElo "2107"]
[BlackElo "2373"]
[PlyCount "57"]
[EventDate "2019.12.27"]

1. d4 Nf6 2. Bf4 c5 3. e3 Nd5 4. Bg3 Qb6 5. b3 cxd4 6. exd4 e6 7. c3 Qa5 8. Qd2
Nf6 9. Bd3 b6 10. Nf3 Bb7 11. Qe2 Be7 12. h3 O-O 13. O-O Qh5 14. Nbd2 d5 15. a4
Rc8 16. Qe3 Ba6 17. c4 Nc6 18. Be2 dxc4 19. bxc4 Qf5 20. Nh4 Qc2 21. Rfc1 Qb2
22. Nhf3 Bb4 23. Nb3 Na5 24. Nxa5 Bxa5 25. Rab1 Qa2 26. Ra1 Qb2 27. Rab1 Qa2
28. Ra1 Qb2 29. Rab1 1/2-1/2

[Event "5. HSK Weihnachts-Open 2019"]
[Site "Hamburg"]
[Date "2019.12.28"]
[Round "3.6"]
[White "Callsen, Niklas"]
[Black "Jahncke, Giso"]
[Result "0-1"]
[WhiteElo "2072"]
[BlackElo "2320"]
[PlyCount "122"]
[EventDate "2019.12.27"]

1. e4 e5 2. Nf3 Nc6 3. Bb5 a6 4. Ba4 Nf6 5. O-O Be7 6. Re1 b5 7. Bb3 O-O 8. h3
Bb7 9. d3 d6 10. a3 Qd7 11. Nc3 Nd8 12. Ne2 Re8 13. Ng3 Ne6 14. Ng5 Nxg5 15.
Bxg5 h6 16. Bd2 Bf8 17. Qf3 Kh7 18. c4 bxc4 19. dxc4 c5 20. Nf5 Nxe4 21. Rxe4
g6 22. Ng3 f5 23. Bc2 Bg7 24. Rd1 Rf8 25. Qb3 fxe4 26. Bxe4 Rab8 27. Qc2 Qe6
28. Ba5 Rf4 29. f3 Rf7 30. h4 Bf8 31. Rd5 Rg7 32. h5 Bxd5 33. hxg6+ Rxg6 34.
cxd5 Qf6 35. Bd2 Be7 36. Nh5 Qf7 37. b4 Rbg8 38. bxc5 dxc5 39. Bc3 Bf6 40. Qb2
Qe7 41. f4 Re8 42. Qb1 Reg8 43. Bf5 c4 44. Kh1 Bh8 45. g3 e4 46. Bxh8 Kxh8 47.
Qb2+ R6g7 48. Be6 e3 49. Qe5 Rd8 50. f5 Qg5 51. Nxg7 Qxg7 52. f6 Qg5 53. Bf5
Rf8 54. f7+ Qg7 55. Qxe3 Rxf7 56. Be6 Rf8 57. d6 c3 58. Bb3 Qf6 59. d7 Qf1+ 60.
Kh2 Rf2+ 61. Qxf2 Qxf2+ 0-1

[Event "5. HSK Weihnachts-Open 2019"]
[Site "Hamburg"]
[Date "2019.12.28"]
[Round "3.7"]
[White "Kuberczyk, Christoph"]
[Black "Günther, Patrick"]
[Result "1-0"]
[WhiteElo "2310"]
[BlackElo "2063"]
[PlyCount "117"]
[EventDate "2019.12.27"]

1. Nc3 Nf6 2. d4 d5 3. Bf4 e6 4. Nb5 Na6 5. e3 Be7 6. Nf3 Ne4 7. Nd2 Nxd2 8.
Qxd2 O-O 9. Bd3 c5 10. O-O Bd7 11. a4 Bc6 12. Rfd1 cxd4 13. exd4 Nb4 14. Be2
Be8 15. c3 Nc6 16. Bd3 a6 17. Na3 Bd6 18. Re1 Ne7 19. Nc2 Ng6 20. Bxd6 Qxd6 21.
a5 f6 22. c4 dxc4 23. Bxc4 Bf7 24. Be2 Rac8 25. Ne3 Rfd8 26. Red1 Ne5 27. Qe1
Nc6 28. Ra4 Rc7 29. Bf3 Qf4 30. Qc3 Qg5 31. Rc4 Rcc8 32. Bxc6 Rxc6 33. Rxc6
bxc6 34. b4 Qb5 35. Rc1 h6 36. h3 Rb8 37. Qxc6 Qxb4 38. Qxa6 Qxd4 39. Rc8+ Rxc8
40. Qxc8+ Kh7 41. a6 Bg6 42. Qc1 Qa4 43. Qc4 Qa5 44. Nc2 e5 45. Nb4 Qa3 46. Qc5
Be4 47. a7 Qa4 48. Qc4 Bb7 49. Qc2+ Qxc2 50. Nxc2 Kg6 51. Nb4 f5 52. Na6 e4 53.
Nc7 f4 54. a8=Q Bxa8 55. Nxa8 Kg5 56. Nb6 Kh4 57. Nd5 g5 58. Kh2 Kh5 59. Nf6+
1-0

[Event "5. HSK Weihnachts-Open 2019"]
[Site "Hamburg"]
[Date "2019.12.28"]
[Round "3.8"]
[White "Szobries, Torsten"]
[Black "Giraud, Valerian"]
[Result "1/2-1/2"]
[WhiteElo "2034"]
[BlackElo "1972"]
[PlyCount "53"]
[EventDate "2019.12.27"]

1. Nf3 Nf6 2. d4 e6 3. e3 b6 4. Bd3 Bb7 5. O-O c5 6. b3 Be7 7. Bb2 O-O 8. c4
cxd4 9. exd4 d5 10. Nbd2 Nc6 11. Rc1 Rc8 12. Re1 dxc4 13. bxc4 Qc7 14. Nf1 Rfd8
15. Ne3 Bb4 16. Rf1 Qf4 17. Qe2 Bf8 18. Bb1 Na5 19. Ne5 Bd6 20. g3 Qh6 21. f4
Qh3 22. Nf3 h6 23. f5 Be4 24. fxe6 fxe6 25. Bxe4 Nxe4 26. Qg2 Qxg2+ 27. Kxg2
1/2-1/2

[Event "5. HSK Weihnachts-Open 2019"]
[Site "Hamburg"]
[Date "2019.12.28"]
[Round "3.9"]
[White "Mix, Clemens"]
[Black "Hourigan, Gerrit"]
[Result "1/2-1/2"]
[WhiteElo "1931"]
[BlackElo "2301"]
[PlyCount "22"]
[EventDate "2019.12.27"]

1. d4 Nf6 2. c4 e5 3. dxe5 Ng4 4. Bf4 Nc6 5. Nf3 Bc5 6. e3 Qe7 7. a3 a5 8. Qd5
f6 9. exf6 Nxf6 10. Qd1 O-O 11. Be2 d6 1/2-1/2

[Event "5. HSK Weihnachts-Open 2019"]
[Site "Hamburg"]
[Date "2019.12.28"]
[Round "3.11"]
[White "Trisic, Aleksandar"]
[Black "Schmid, Janusch"]
[Result "1-0"]
[WhiteElo "2328"]
[BlackElo "1845"]
[PlyCount "117"]
[EventDate "2019.12.27"]

1. d4 d5 2. c4 Nf6 3. Nc3 e6 4. cxd5 exd5 5. Bg5 Be7 6. e3 O-O 7. Bd3 Nbd7 8.
Nge2 Re8 9. O-O Nf8 10. Qc2 c6 11. h3 h6 12. Bf4 Be6 13. Rad1 Rc8 14. Qb1 Bd6
15. Be5 Bxe5 16. dxe5 N6d7 17. f4 f6 18. f5 Nxe5 19. fxe6 Nxd3 20. Qxd3 Rxe6
21. Nd4 Re5 22. Rf3 Qc7 23. Rdf1 Rce8 24. Nd1 a6 25. Nf2 c5 26. Nf5 h5 27. h4
c4 28. Qd2 Qd7 29. Nd1 b5 30. Qf2 R8e6 31. Rg3 g6 32. Nd4 Rd6 33. Rf3 Nh7 34.
Qg3 Qg7 35. Qf4 Rb6 36. Qg3 b4 37. Qf2 Qc7 38. Rf4 a5 39. Qd2 Qd7 40. Nf3 Re7
41. Rd4 Rd6 42. a3 Qb5 43. axb4 axb4 44. Nf2 Nf8 45. e4 Red7 46. Re1 Kg7 47.
exd5 f5 48. Ne5 Rc7 49. Nc6 Qc5 50. Nxb4 Nd7 51. Qc3 Kh7 52. Nc2 Nb6 53. Qd2
Rcd7 54. Ne3 Qb5 55. Nh3 Rb7 56. Kh1 Ra7 57. Ng5+ Kg7 58. Qe2 Qd7 59. Nxc4 1-0

[Event "5. HSK Weihnachts-Open 2019"]
[Site "Hamburg"]
[Date "2019.12.28"]
[Round "3.12"]
[White "Andris, Valentin"]
[Black "Keyser, Robin"]
[Result "0-1"]
[WhiteElo "1828"]
[BlackElo "2022"]
[PlyCount "90"]
[EventDate "2019.12.27"]

1. d4 Nf6 2. Bf4 d5 3. e3 c5 4. c3 Nc6 5. Nd2 e6 6. Ngf3 cxd4 7. exd4 Nh5 8. g3
Nxf4 9. gxf4 g6 10. Ne5 Bh6 11. Qf3 Qf6 12. Nd3 b6 13. Kd1 Ba6 14. Ne5 Bxf1 15.
Rxf1 Rc8 16. Nd3 Na5 17. Rg1 Nc4 18. Rg4 Nd6 19. Ke2 Nf5 20. h4 Ng7 21. Nf1 Qe7
22. Rg3 Nh5 23. Rg4 f5 24. Rg2 Qxh4 25. Rh2 Nxf4+ 26. Kd1 Qg4 27. Qxg4 fxg4 28.
Ne5 Bg7 29. Nxg4 O-O 30. Kd2 h5 31. Ne5 Bxe5 32. dxe5 Kg7 33. Ng3 Kh6 34. Re1
Rc4 35. Ne2 Nxe2 36. Rxe2 h4 37. Rh3 Kh5 38. Rd3 Rcf4 39. Ke1 Rf3 40. Rd4 R8f4
41. Rxf4 Rxf4 42. Kf1 Re4 43. Rxe4 dxe4 44. b4 Kg4 45. c4 Kf5 0-1

[Event "5. HSK Weihnachts-Open 2019"]
[Site "Hamburg"]
[Date "2019.12.28"]
[Round "3.13"]
[White "Porth, Hartmut"]
[Black "Zierott, Jan"]
[Result "1-0"]
[WhiteElo "2007"]
[BlackElo "1803"]
[PlyCount "95"]
[EventDate "2019.12.27"]

1. e4 c6 2. d4 d5 3. exd5 cxd5 4. Bd3 Nf6 5. Bf4 Bg4 6. Nf3 e6 7. Nbd2 Bd6 8.
Bg5 h6 9. Bh4 Nbd7 10. O-O Qc7 11. Bg3 Bxg3 12. fxg3 O-O 13. Qe1 e5 14. dxe5
Rfe8 15. Qf2 Nxe5 16. Nxe5 Qxe5 17. Nf3 Qe3 18. Nd4 a6 19. Nf5 Qxf2+ 20. Rxf2
Ne4 21. Rf4 h5 22. Bxe4 Rxe4 23. Rxe4 dxe4 24. Ne3 Be6 25. a4 Rd8 26. Rd1 Rxd1+
27. Nxd1 f5 28. Kf2 Kf7 29. Ke3 Kf6 30. Kd4 g5 31. b4 Bd7 32. Nc3 Ke6 33. a5
Bc6 34. Ne2 Kd6 35. c4 Ke6 36. h4 Kf6 37. Nc3 e3 38. Kxe3 Bxg2 39. b5 Ke5 40.
hxg5 Bf1 41. bxa6 bxa6 42. Ne2 Kd6 43. Kf2 Bh3 44. g6 Ke7 45. Nf4 Bg4 46. c5
Bd1 47. Nd5+ Kf8 48. c6 1-0

[Event "5. HSK Weihnachts-Open 2019"]
[Site "Hamburg"]
[Date "2019.12.28"]
[Round "3.14"]
[White "Floren, Dieter"]
[Black "Thieme, Daniel Otis"]
[Result "0-1"]
[WhiteElo "1703"]
[BlackElo "1983"]
[PlyCount "87"]
[EventDate "2019.12.27"]

1. e4 c5 2. Nc3 Nc6 3. f4 d6 4. Bc4 g6 5. Nf3 Bg7 6. O-O e6 7. d4 Nxd4 8. Be3
Nxf3+ 9. Qxf3 Ne7 10. f5 gxf5 11. exf5 Be5 12. fxe6 Bxe6 13. Bxe6 fxe6 14. Rad1
Bxc3 15. bxc3 Qd7 16. Qf7+ Kd8 17. Bxc5 Nd5 18. Bd4 Re8 19. c4 Nc7 20. Qh5 Kc8
21. Rf7 Qc6 22. Qxh7 Qxc4 23. Bf2 Qc6 24. Re1 b6 25. a4 Kb7 26. a5 Rac8 27.
axb6 axb6 28. Rb1 b5 29. Qd3 Ra8 30. Rxb5+ Kc8 31. Rb1 Ra2 32. Qb3 Ra8 33. Qd3
Rg8 34. Bg3 Nd5 35. Rbf1 e5 36. Rf8+ Rxf8 37. Rxf8+ Kb7 38. Rf7+ Kc8 39. Rf8+
Kd7 40. Rxa8 Qxa8 41. Qb5+ Ke6 42. Qc4 Qa1+ 43. Qf1 Qd4+ 44. Bf2 {Rest nicht
nachvollziehbar} 0-1

[Event "5. HSK Weihnachts-Open 2019"]
[Site "Hamburg"]
[Date "2019.12.28"]
[Round "3.15"]
[White "Keyser, Philipp"]
[Black "Bloh, Fabian"]
[Result "1-0"]
[WhiteElo "1980"]
[BlackElo "1695"]
[PlyCount "59"]
[EventDate "2019.12.27"]

1. e4 e6 2. d4 d5 3. Nd2 Nf6 4. e5 Nfd7 5. c3 c5 6. Bd3 Nc6 7. Ne2 cxd4 8. cxd4
f6 9. exf6 Nxf6 10. O-O Bd6 11. Nf3 a6 12. Bf4 O-O 13. Bg3 Nh5 14. Rc1 Nxg3 15.
Nxg3 g6 16. Bb1 Bd7 17. a3 Qb6 18. Rc3 Rac8 19. Rb3 Qa7 20. Re1 Na5 21. Rc3
Rxc3 22. bxc3 Nc4 23. Ng5 e5 24. Nxh7 Rf4 25. Bxg6 Bg4 26. Nf6+ Rxf6 27. Qxg4
exd4 28. Nh5 Rxf2 29. Bh7+ Kxh7 30. Qg7# 1-0

[Event "5. HSK Weihnachts-Open 2019"]
[Site "Hamburg"]
[Date "2019.12.28"]
[Round "3.16"]
[White "Kurth, Michael"]
[Black "Hermes, Simon"]
[Result "1-0"]
[WhiteElo "1971"]
[BlackElo "1673"]
[PlyCount "83"]
[EventDate "2019.12.27"]

1. e4 e6 2. d4 d5 3. Nc3 Nf6 4. Bg5 Be7 5. e5 Nfd7 6. h4 h6 7. Bxe7 Qxe7 8. Qd2
a6 9. f4 c5 10. Nf3 Nc6 11. a3 f5 12. Be2 c4 13. h5 b5 14. Nh4 Nf8 15. g4 fxg4
16. Bxg4 Qa7 17. Ne2 Bd7 18. c3 O-O-O 19. Qc2 Ne7 20. Ng3 Nf5 21. Ngxf5 exf5
22. Nxf5 Kb8 23. Ne3 Bxg4 24. Nxg4 Ne6 25. f5 Nf4 26. O-O-O Rhf8 27. Rdf1 Nd3+
28. Kb1 b4 29. axb4 a5 30. Qa4 axb4 31. Qxa7+ Kxa7 32. cxb4 Nxb4 33. e6 Rb8 34.
Ne5 Rfc8 35. Rh3 Rb5 36. Rg1 Rc7 37. Ra3+ Kb7 38. Kc1 Nd3+ 39. Nxd3 cxd3+ 40.
Rc3 Re7 41. Rxd3 Kb6 42. Rgg3 1-0

[Event "5. HSK Weihnachts-Open 2019"]
[Site "Hamburg"]
[Date "2019.12.28"]
[Round "3.18"]
[White "Jablonowski, Christoph"]
[Black "Von Rosen, Jakob"]
[Result "1/2-1/2"]
[WhiteElo "1969"]
[BlackElo "1665"]
[PlyCount "122"]
[EventDate "2019.12.27"]

1. d4 Nf6 2. c4 c5 3. d5 e6 4. Nc3 exd5 5. cxd5 d6 6. e4 g6 7. h3 Bg7 8. Nf3
O-O 9. Bd3 Re8 10. O-O a6 11. a4 Nbd7 12. Bf4 c4 13. Bc2 Nc5 14. Re1 Nh5 15.
Bh2 Be5 16. Bxe5 dxe5 17. Qe2 Nd3 18. Bxd3 Nf4 19. Qe3 Nxd3 20. Qh6 Qf6 21. Re2
Bd7 22. a5 Qg7 23. Qe3 f5 24. Ne1 Nf4 25. Rd2 g5 26. Ne2 Qg6 27. exf5 Bxf5 28.
Ng3 Bd7 29. Nf3 e4 30. Nh2 h5 31. Rc1 Rac8 32. Qd4 Bb5 33. d6 Red8 34. Qb6 Nd3
35. d7 Qxb6 36. dxc8=Q Rxc8 37. axb6 Nxc1 38. Nxh5 Rc6 39. Rd5 Rg6 40. Ng4 Nd3
41. Nhf6+ Kf7 42. Nxe4 Rxb6 43. Rxg5 Nxb2 44. h4 Bc6 45. Nd6+ Ke6 46. Rg6+ Kd7
47. Ne5+ Kc7 48. Ndxc4 Nxc4 49. Nxc4 Rb1+ 50. Kh2 Rb4 51. Rg7+ Bd7 52. Ne5
Rxh4+ 53. Kg3 Rd4 54. Kf3 a5 55. Ke3 Rd1 56. g4 a4 57. Rxd7+ Rxd7 58. Nxd7 Kxd7
59. Kd4 b5 60. Kc3 Kd6 61. Kb4 Ke5 1/2-1/2

[Event "5. HSK Weihnachts-Open 2019"]
[Site "Hamburg"]
[Date "2019.12.28"]
[Round "3.19"]
[White "Gonzales Leon, Heriberto"]
[Black "Renger, Maik"]
[Result "1-0"]
[WhiteElo "1666"]
[BlackElo "1959"]
[PlyCount "127"]
[EventDate "2019.12.27"]

1. e4 e5 2. Nf3 Nc6 3. Nc3 Nf6 4. Bc4 Bb4 5. d3 h6 6. O-O O-O 7. a3 Bxc3 8.
bxc3 d5 9. exd5 Nxd5 10. Qe1 Re8 11. h3 a6 12. Ba2 Bf5 13. c4 Nf4 14. Bxf4 exf4
15. Qc3 Qd7 16. Kh2 Re2 17. c5 Rae8 18. Rab1 Qc8 19. Ng1 R2e7 20. Bd5 Qd7 21.
Bf3 Qd4 22. Qxd4 Nxd4 23. Bxb7 Nxc2 24. Bxa6 Ra8 25. Bb7 Rxa3 26. Be4 Bxe4 27.
Rb8+ Kh7 28. dxe4 Rxe4 29. Rb7 Re7 30. Rd1 Ne1 31. c6 Rd3 32. Rc1 Rd6 33. Rc4
g5 34. h4 Nd3 35. Nf3 Nxf2 36. Nd4 Ng4+ 37. Kh3 h5 38. Nf3 Nf2+ 39. Kh2 Ng4+
40. Kh3 Rd1 41. Nxg5+ Kg6 42. Rxf4 f5 43. Rb5 Re5 44. Rb8 Rd3+ 45. Nf3 Nf6 46.
Rd8 Rde3 47. Kh2 Ng4+ 48. Rxg4+ fxg4 49. Nxe5+ Rxe5 50. Rd7 Rc5 51. Rxc7 Kf6
52. Kg3 Ke6 53. Rh7 Rc3+ 54. Kf4 Rc4+ 55. Ke3 Rc5 56. Kd4 Rd5+ 57. Kc4 Rd1 58.
Kc5 Rc1+ 59. Kb6 Rb1+ 60. Kc7 Rb5 61. Kc8 Rc5 62. c7 Kd6 63. Rd7+ Kc6 64. Rd8
1-0

[Event "5. HSK Weihnachts-Open 2019"]
[Site "Hamburg"]
[Date "2019.12.28"]
[Round "3.20"]
[White "Raedisch, Peter"]
[Black "Nyenhuis, Yannek"]
[Result "0-1"]
[WhiteElo "1572"]
[BlackElo "1951"]
[PlyCount "72"]
[EventDate "2019.12.27"]

1. e4 e5 2. Nf3 Nc6 3. Bc4 Bc5 4. d3 Nf6 5. Ng5 O-O 6. c3 h6 7. h4 d6 8. Nh3
Ng4 9. g3 Na5 10. Bb5 a6 11. Ba4 b5 12. Bc2 Nc6 13. Qe2 Be6 14. f3 Nf6 15. Be3
Bxe3 16. Qxe3 Bxh3 17. Rxh3 Nh5 18. Qf2 b4 19. Ba4 Qc8 20. Rh2 Qb7 21. Bd1 Qb6
22. Rg2 Qxf2+ 23. Kxf2 Rab8 24. Ke3 g5 25. a4 gxh4 26. gxh4+ Kh7 27. cxb4 Rxb4
28. Nc3 Nf4 29. Rc2 Nd4 30. Rh2 c6 31. a5 Rg8 32. Rd2 Ng2+ 33. Kf2 Nxh4 34. Ke3
Rg3 35. Rf2 Ng2+ 36. Kd2 Rxb2+ 0-1

[Event "5. HSK Weihnachts-Open 2019"]
[Site "Hamburg"]
[Date "2019.12.28"]
[Round "3.21"]
[White "Falke, Ornella"]
[Black "Grunert, Friedrich"]
[Result "0-1"]
[WhiteElo "1486"]
[BlackElo "1930"]
[PlyCount "76"]
[EventDate "2019.12.27"]

1. e4 c6 2. d4 d5 3. e5 Bf5 4. g4 Be4 5. f3 Bg6 6. h4 h5 7. e6 Qd6 8. exf7+
Bxf7 9. Ne2 hxg4 10. fxg4 Nf6 11. Bf4 Qb4+ 12. Nbc3 Nxg4 13. Nc1 Nf6 14. Nd3
Qxd4 15. Qf3 Bh5 16. Qg3 Ne4 17. Qh3 Nd7 18. Be3 Qf6 19. Ne2 Qf3 20. Nd4 Qg3+
21. Bf2 Qxh3 22. Bxh3 Bf7 23. Be3 Ndc5 24. Nxc5 Nxc5 25. Nxc6 bxc6 26. Bxc5 e5
27. Bxf8 Kxf8 28. Bd7 Ke7 29. Bxc6 Rac8 30. Ba4 Rc4 31. Bb3 Rcxh4 32. Rg1 Re4+
33. Kf2 Rh2+ 34. Kf3 Rhe2 35. Rg5 R4e3+ 36. Kg4 Rg2+ 37. Kh4 Re4+ 38. Kh3 Rxg5
0-1

[Event "5. HSK Weihnachts-Open 2019"]
[Site "Hamburg"]
[Date "2019.12.28"]
[Round "3.25"]
[White "Nickel, Jonas"]
[Black "Krüger, Dietrich"]
[Result "1-0"]
[WhiteElo "1793"]
[BlackElo "1204"]
[PlyCount "73"]
[EventDate "2019.12.27"]

1. e4 Nc6 2. d4 d5 3. e5 Bf5 4. c3 e6 5. f4 Be7 6. Nf3 Nh6 7. Bb5 Qd7 8. Nbd2
a6 9. Ba4 Rg8 10. Nf1 f6 11. Ng3 fxe5 12. Nxe5 Qd6 13. Qh5+ Kd8 14. Nxf5 exf5
15. Bxc6 bxc6 16. O-O Bf6 17. Nd3 Qe7 18. Re1 Qf7 19. Qf3 Qg6 20. Nc5 Re8 21.
Bd2 Rb8 22. b3 Nf7 23. Rxe8+ Kxe8 24. Qe2+ Be7 25. Re1 Qd6 26. Qxa6 Rb6 27.
Qc8+ Nd8 28. Re6 Qxe6 29. Nxe6 c5 30. Nxc7+ Kf7 31. Qxf5+ Kg8 32. Nxd5 Re6 33.
Nxe7+ Rxe7 34. Qd5+ Ne6 35. f5 Kf8 36. Bg5 Ke8 37. fxe6 1-0

[Event "5. HSK Weihnachts-Open 2019"]
[Site "Hamburg"]
[Date "2019.12.28"]
[Round "3.26"]
[White "Meyer, Harald"]
[Black "Wulf, Constanze"]
[Result "0-1"]
[WhiteElo "1298"]
[BlackElo "1792"]
[PlyCount "102"]
[EventDate "2019.12.27"]

1. e4 c5 2. Nf3 d6 3. d4 cxd4 4. Nxd4 Nf6 5. f3 e5 6. Nb3 a6 7. Be2 Be6 8. c4
Nbd7 9. Nc3 Rc8 10. Nd2 Be7 11. b3 O-O 12. Bb2 Qb6 13. Nf1 Nc5 14. Qd2 a5 15.
Ne3 Rfd8 16. Ned5 Nxd5 17. cxd5 Bd7 18. Bc4 a4 19. Qf2 Qa5 20. O-O b5 21. Be2
a3 22. Nd1 axb2 23. Nxb2 Qa3 24. Nd3 Nxd3 25. Bxd3 Rc3 26. Qe2 Rdc8 27. f4 exf4
28. Rxf4 Rxb3 29. Rf3 Rbc3 30. Qd2 Rc1+ 31. Rxc1 Qxc1+ 32. Qxc1 Rxc1+ 33. Rf1
Rc3 34. Bb1 Bf6 35. Kf2 Be5 36. h3 g6 37. Ke2 b4 38. Kd2 Bb5 39. Rf3 Rxf3 40.
gxf3 Bf1 41. h4 h5 42. Bd3 Bxd3 43. Kxd3 Bg3 44. Kc4 Be1 45. e5 dxe5 46. d6 Kf8
47. Kd5 Bxh4 48. Kxe5 Ke8 49. Kd5 Kd7 50. Kc5 Be1 51. Kd5 h4 0-1

[Event "5. HSK Weihnachts-Open 2019"]
[Site "Hamburg"]
[Date "2019.12.28"]
[Round "3.27"]
[White "Grunert, Wilhelm"]
[Black "Schulze, Tim"]
[Result "1-0"]
[WhiteElo "1699"]
[BlackElo "1496"]
[PlyCount "33"]
[EventDate "2019.12.27"]

1. e4 c6 2. d4 d5 3. exd5 cxd5 4. c4 Nf6 5. Nc3 Nc6 6. Nf3 Bg4 7. cxd5 Nxd5 8.
Qb3 Bxf3 9. gxf3 Nxd4 10. Bb5+ Nxb5 11. Qxb5+ Qd7 12. Nxd5 O-O-O 13. Qc5+ Qc6
14. Qxc6+ bxc6 15. Nc3 e5 16. Bd2 Bb4 17. O-O-O 1-0

[Event "5. HSK Weihnachts-Open 2019"]
[Site "Hamburg"]
[Date "2019.12.28"]
[Round "3.28"]
[White "Neumann, Oskar"]
[Black "Queißer, Jens"]
[Result "1-0"]
[WhiteElo "1682"]
[BlackElo "1429"]
[PlyCount "72"]
[EventDate "2019.12.27"]

1. e4 c6 2. d4 d5 3. Nc3 dxe4 4. Nxe4 Nd7 5. Nf3 Ngf6 6. Ng3 e6 7. Be2 Be7 8.
O-O O-O 9. c4 Qc7 10. b3 b6 11. Bb2 Bb7 12. Rc1 Rad8 13. Qc2 Rfe8 14. a3 Nf8
15. b4 Ng6 16. Rfe1 Nf4 17. Bd1 c5 18. dxc5 bxc5 19. Be5 Bd6 20. Bxd6 Qxd6 21.
bxc5 Qxc5 22. Re3 Ng4 23. Rb3 Rxd1+ 24. Rxd1 Bxf3 25. Rxf3 Qe5 26. Qd2 g5 27.
h3 Nf6 28. Qd4 Ne2+ 29. Nxe2 Qxe2 30. Rxf6 Re7 31. Qd3 Qe5 32. Qd8+ Kg7 33.
Qxe7 Qxf6 34. Qxf6+ Kxf6 35. c5 Ke7 36. c6 Ke8 1-0

[Event "5. HSK Weihnachts-Open 2019"]
[Site "Hamburg"]
[Date "2019.12.28"]
[Round "3.29"]
[White "Hinrichs, Winfried"]
[Black "Bauer, Marcus"]
[Result "1/2-1/2"]
[WhiteElo "1493"]
[BlackElo "1682"]
[PlyCount "87"]
[EventDate "2019.12.27"]

1. e4 c5 2. Nf3 Nc6 3. Nc3 g6 4. g3 Bg7 5. Bg2 e6 6. d3 Nge7 7. O-O O-O 8. Re1
d5 9. exd5 exd5 10. Bg5 Be6 11. Rb1 a6 12. Bxe7 Nxe7 13. Ne2 Rc8 14. Nf4 Qd6
15. Qe2 Rc6 16. Ng5 Nf5 17. Ngxe6 fxe6 18. Qxe6+ Qxe6 19. Nxe6 Re8 20. Nxg7
Rxe1+ 21. Rxe1 Kxg7 22. Bxd5 Rb6 23. b3 Kf6 24. Kg2 Nd4 25. c3 Nb5 26. Rc1 Ke5
27. Bf3 a5 28. Re1+ Kf6 29. Rc1 Re6 30. Bxb7 Re2 31. a4 Nd6 32. Bd5 Rd2 33. d4
cxd4 34. cxd4 Rxd4 35. Rc5 Rd2 36. Bf3 Rb2 37. Rxa5 Rxb3 38. Ra6 Ke5 39. Ra7 h5
40. a5 Ra3 41. a6 Nb5 42. Rb7 Nd4 43. a7 Nxf3 44. a8=Q 1/2-1/2

[Event "5. HSK Weihnachts-Open 2019"]
[Site "Hamburg"]
[Date "2019.12.28"]
[Round "3.30"]
[White "Chmielewski, Axel"]
[Black "Fuhrmann, Jeppe"]
[Result "1-0"]
[WhiteElo "1790"]
[BlackElo "1327"]
[PlyCount "53"]
[EventDate "2019.12.27"]

1. d4 Nf6 2. c4 d5 3. Nc3 e6 4. Bf4 c5 5. Nf3 Nc6 6. e3 h6 7. Nb5 Kd7 8. cxd5
Qa5+ 9. Nd2 Nxd5 10. Bg3 cxd4 11. e4 Nf6 12. Bd3 Nxe4 13. Bxe4 Qxb5 14. Qc2 Qc5
15. Qd1 Be7 16. O-O Rd8 17. Rc1 Qb5 18. Nb3 Ke8 19. Qf3 Bf6 20. Rxc6 Qxf1+ 21.
Kxf1 bxc6 22. Bxc6+ Kf8 23. Bxa8 d3 24. Nd2 Ba6 25. Qc6 Rc8 26. Bc7 Bxb2 27.
Bb7 1-0